Statistics for Words With "GH"

Click here to take the quiz!

General Stats

  • This quiz has been taken 186 times
  • The average score is 10 of 12

Answer Stats

Hint"GH" Word% Correct
Your body's response when something irritates your throat or airways.Cough
99%
Having a coarse or uneven surface.Rough
96%
The past tense of catch.Caught
93%
Your parents' girl child.Daughter
90%
Strong and durable; not easily broken or cut.Tough
90%
To let out one's breath audibly, as from sorrow, weariness, or relief.Sigh
89%
The part of the leg between the hip and the knee.Thigh
89%
An expression of merriment or amusement.Laugh
87%
A light vehicle on runners, usually open and generally horse-drawn, used especially for transporting persons over snow or ice.Sleigh
81%
Behavior Santa Claus doesn't reward.Naughty
71%
Adequate for the want or need; sufficient for the purpose or to satisfy desire.Enough
60%
Lofty; TallHigh
53%

Score Distribution

Percentile by Number Answered

Percent of People with Each Score

Your Score History

You have not taken this quiz